| 000 | 00386nam a2200133Ia 4500 | ||
|---|---|---|---|
| 008 | 151015s9999 xx 000 0 und d | ||
| 020 | _a72119209 | ||
| 050 | _aQA76.76.O63.I19337 2000 | ||
| 245 | _aIvens, Kathy | ||
| 250 | _a_Windows 2000 The complete reference Kathy Ivens | ||
| 300 | _a\new York McGraw-hill 2000 | ||
| 650 | _a_windows 2000 | ||
| 700 | _a^d20120830 12:42:21^okorir | ||
| 999 |
_c3750 _d3750 |
||